000 00845nam a2200253Ia 4500
003 OSt
005 20220923224726.0
006 a|||||r|||| 00| 0
007 ta
008 220922b |||||||| |||| 00| 0 hin d
024 _a249,240
037 _cTextual
040 _aARTS
_cARTS
_bhin
041 _2hin
_ahin
082 _aO152v, N6
100 _aस्नातक, विजयेन्द्र
245 0 _aहिन्दी साहित्य का इतिहास
246 _aHindī sāhitya kā itihāsa
260 _aदिल्ली
_b साहित्य अकादेमी
_c1996
300 _a463पृ.
_ccm.
650 _aहिन्दी साहित्य
_9156264
942 _hO152v, N6
_cTEXL
_2CC
999 _c373210
_d373210